Juris canonici universi per faciliorem methodum ad veram praxim sincere redacti compendium ex probatissimis auctoribus catholicis

Detalles Bibliográficos
Autor principal: MAUPIED, Francisco
Formato: Libro
Publicado: París 1863
Materias:
Colección:Banco de datos
Acervo:Biblioteca del Ex Convento de Nuestra Señora de Guadalupe. Zacatecas
Descripción Física:t. II
Tema general:Derecho Eclesiástico
Notas:Buena. III,5,2(809). Sin marca de fuego
LEADER 00787nam a22002050004500
035 |a 39170 
036 |a 354 
100 1 |a MAUPIED, Francisco 
245 1 0 |a Juris canonici universi per faciliorem methodum ad veram praxim sincere redacti compendium ex probatissimis auctoribus catholicis 
260 |a París  |b ed. e imp. Migne  |c 1863 
300 |a t. II 
500 |a Buena. III,5,2(809). Sin marca de fuego 
650 1 0 |a Derecho Eclesiástico 
949 |a CRZ-CG 
959 |a Ex convento de Nuestra Señora de Guadalupe, Museo Regional de Zacatecas, Zacatecas  |b CCC4 
960 |a Convento de Nuestra Señora de Guadalupe, Zacatecas  |b DD87 
961 |a Franciscana  |b OF 
942 |c CRZ-CG 
943 |g Biblioteca del Ex Convento de Nuestra Señora de Guadalupe. Zacatecas 
999 |c 963297  |d 963297